00419nam a2200157Ia 45000010006000000050017000060080041000230410008000640820018000721000030000902450085001202600009002053000031002146500008002456540008002531862020260306171644.0260306s9999||||xx |||||||||||||| ||und|| aESP a658.4092bG79 aGreenleaf, Robert K.eAUT 0aServant leadership:ba journey into the nature of legitimate power and greatness c2002 ax, 370 páginas :c22 cm. aGEN aCHU